000 00582nam a2200229Ia 4500
003 OSt
005 20220918200714.0
006 a|||||r|||| 00| 0
007 ta
008 220917b |||||||| |||| 00| 0 eng d
024 _a89,921
037 _cTextual
040 _aARTS
_cARTS
_beng
041 _2eng
_aeng
082 _aU8:42:N0, D4
100 _aFarrer Reginald J
_995217
245 0 _aGarden of Asia
_b impressions from Japan
260 _c1904
650 _aGEOGRAPHY
942 _hU8:42:N0, D4
_cTEXL
_2CC
999 _c213590
_d213590